Sociologa̕ de la empresa Del marco histr̤ico a las dinm̀icas internas /

Bibliographic Details
Main Author: Arcand, Sb̌astien
Other Authors: Muǫz Grisales, Rodrigo, Facal, Joseph, Dupuis, Jean-Pierre
Format: eBook
Language:Spanish
Published: Bogot:̀ Siglo del Hombre Editores, 2010
Subjects:
Online Access:Acceso restringido

MARC

LEADER 00000nam a22000007a 4500
005 20210419233642.0
007 cr|||| ||||
008 210419s2010 co |||||s|||| 00||0 spa d
020 |a 978-958-665-150-9 
035 |a 33174 
040 |a vLex 
090 |c 11478  |d 11478 
100 1 |a Arcand, Sb̌astien 
245 1 0 |a Sociologa̕ de la empresa  |h [Recurso electrn̤ico] :  |b Del marco histr̤ico a las dinm̀icas internas /  |c Sb̌astien Arcand, Rodrigo Muǫz Grisales, Joseph Facal, Jean-Pierre Dupuis 
256 |a Servicio en ln̕ea 
260 |a Bogot:̀  |b Siglo del Hombre Editores,  |c 2010 
300 |a 1 recurso electrn̤ico 
500 |a El objetivo de esta obra colectiva es permitir que los estudiantes de administracin̤ se familiaricen con la sociologa̕ como ciencia de la comprensin̤ de las dinm̀icas inherentes a la empresa contemporǹea. En general, esta obra invita al lector a ver la empresa y su relacin̤ con la sociedad bajo el prisma de la nocin̤ de responsabilidad y permite evaluar el impacto en la sociedad de las decisiones que toman las empresas. Coedicin̤ con la Universidad EAFIT y la Universidad del Valle, Colombia. 
506 1 |a Disponible solo en los productos indicados  |d vLex Global  |d vLex Global (Academic Edition, excluding Law Schools)  |d vLex Global (U.S. Academic Edition, Law Schools)  |d vLex Global (U.S. Academic Edition, excluding Law Schools)  |d vLex Global (Academic Edition, Law Schools) 
650 0 4 |a Ciencias sociales  |z Colombia 
650 0 4 |a Sociologa̕  |z Colombia 
650 0 4 |a Humanidades  |z Colombia 
700 1 |a Muǫz Grisales, Rodrigo 
700 1 |a Facal, Joseph 
700 1 |a Dupuis, Jean-Pierre 
740 0 |a vLex Libros (Servicio en ln̕ea) 
856 4 0 |u https://vlex.com/source/sociologia-de-la-empresa-del-marco-historico-a-las-dinamicas-internas-33174  |z Acceso restringido 
942 |c BOOK 
999 0 |a Social Sciences 
999 0 |a Sociology 
999 0 |a Humanities